000 00807nam a2200193Ia 4500
008 151121s9999||||xx |||||||||||||| ||und||
082 _a301।44/साळुंखे
082 _bHNW-68907
100 _aसाळुंखे आ। ह।
245 _aमनुस्मृतीच्या समर्थकाची संस्कृती
260 _bसदशिव स्मृतीमाला पुणे।
260 _c--
300 _a197
600 _aसाळुंखे आ। ह।
630 _aमनुस्मृतीच्या समर्थकाची संस्कृती
700 _aसाळुंखे आ। ह।
730 _aमनुस्मृतीच्या समर्थकाची संस्कृती
942 _cBOOK
999 _c1250401
_d1250398